<?xml version="1.0" encoding="UTF-8"?>
<record
    xmlns:xsi="http://www.w3.org/2001/XMLSchema-instance"
    xsi:schemaLocation="http://www.loc.gov/MARC21/slim http://www.loc.gov/standards/marcxml/schema/MARC21slim.xsd"
    xmlns="http://www.loc.gov/MARC21/slim">

  <leader>00380nam a22001577a 4500</leader>
  <controlfield tag="005">20160905170643.0</controlfield>
  <controlfield tag="008">160905b        xxu||||| |||| 00| 0 eng d</controlfield>
  <datafield tag="020" ind1=" " ind2=" ">
    <subfield code="a">978-81-8333-008-4</subfield>
  </datafield>
  <datafield tag="041" ind1=" " ind2=" ">
    <subfield code="a">eng</subfield>
  </datafield>
  <datafield tag="100" ind1=" " ind2=" ">
    <subfield code="a">Bayross,Ivan</subfield>
    <subfield code="9">3517</subfield>
  </datafield>
  <datafield tag="245" ind1=" " ind2=" ">
    <subfield code="a">HTML,JAVA SCRIPT,DHTML AND PHP</subfield>
  </datafield>
  <datafield tag="260" ind1=" " ind2=" ">
    <subfield code="b">BPB</subfield>
    <subfield code="c">2010</subfield>
  </datafield>
  <datafield tag="300" ind1=" " ind2=" ">
    <subfield code="a">539</subfield>
  </datafield>
  <datafield tag="650" ind1=" " ind2=" ">
    <subfield code="a">INFORMATION TECHNOLOGY</subfield>
    <subfield code="9">137</subfield>
  </datafield>
  <datafield tag="942" ind1=" " ind2=" ">
    <subfield code="c">BK</subfield>
  </datafield>
  <datafield tag="999" ind1=" " ind2=" ">
    <subfield code="c">5218</subfield>
    <subfield code="d">5216</subfield>
  </datafield>
  <datafield tag="952" ind1=" " ind2=" ">
    <subfield code="0">0</subfield>
    <subfield code="1">0</subfield>
    <subfield code="4">0</subfield>
    <subfield code="7">0</subfield>
    <subfield code="8">NFIC</subfield>
    <subfield code="a">JRU</subfield>
    <subfield code="b">JRU</subfield>
    <subfield code="c">SHELF-30-B</subfield>
    <subfield code="d">2016-09-05</subfield>
    <subfield code="e">PURCHASE</subfield>
    <subfield code="g">399.00</subfield>
    <subfield code="l">1</subfield>
    <subfield code="m">1</subfield>
    <subfield code="o">006.76</subfield>
    <subfield code="p">21126</subfield>
    <subfield code="r">2023-06-07 00:00:00</subfield>
    <subfield code="s">2023-02-25</subfield>
    <subfield code="w">2016-09-05</subfield>
    <subfield code="y">BK</subfield>
  </datafield>
  <datafield tag="952" ind1=" " ind2=" ">
    <subfield code="0">0</subfield>
    <subfield code="1">0</subfield>
    <subfield code="4">0</subfield>
    <subfield code="7">0</subfield>
    <subfield code="8">CS/IT</subfield>
    <subfield code="a">JRU</subfield>
    <subfield code="b">JRU</subfield>
    <subfield code="c">SHELF-53-G</subfield>
    <subfield code="d">2016-09-05</subfield>
    <subfield code="e">PURCHASE</subfield>
    <subfield code="g">399.00</subfield>
    <subfield code="l">13</subfield>
    <subfield code="m">3</subfield>
    <subfield code="o">006.76</subfield>
    <subfield code="p">21127</subfield>
    <subfield code="r">2026-02-27 08:36:16</subfield>
    <subfield code="s">2026-02-19</subfield>
    <subfield code="w">2016-09-05</subfield>
    <subfield code="y">BK</subfield>
  </datafield>
  <datafield tag="952" ind1=" " ind2=" ">
    <subfield code="0">0</subfield>
    <subfield code="1">0</subfield>
    <subfield code="4">0</subfield>
    <subfield code="7">0</subfield>
    <subfield code="a">JRU</subfield>
    <subfield code="b">MAIN</subfield>
    <subfield code="c">SHELF-54-E</subfield>
    <subfield code="d">2016-09-05</subfield>
    <subfield code="e">PURCHASE</subfield>
    <subfield code="g">399.00</subfield>
    <subfield code="l">10</subfield>
    <subfield code="m">2</subfield>
    <subfield code="o">006.76</subfield>
    <subfield code="p">21128</subfield>
    <subfield code="r">2025-09-11 12:48:44</subfield>
    <subfield code="s">2025-09-08</subfield>
    <subfield code="w">2016-09-05</subfield>
    <subfield code="y">BK</subfield>
  </datafield>
  <datafield tag="952" ind1=" " ind2=" ">
    <subfield code="0">0</subfield>
    <subfield code="1">0</subfield>
    <subfield code="4">0</subfield>
    <subfield code="7">0</subfield>
    <subfield code="8">CS/IT</subfield>
    <subfield code="a">JRU</subfield>
    <subfield code="b">JRU</subfield>
    <subfield code="c">SHELF-54-E</subfield>
    <subfield code="d">2016-09-05</subfield>
    <subfield code="e">PURCHASE</subfield>
    <subfield code="g">399.00</subfield>
    <subfield code="l">9</subfield>
    <subfield code="m">4</subfield>
    <subfield code="o">006.76</subfield>
    <subfield code="p">21129</subfield>
    <subfield code="r">2025-09-24 13:29:30</subfield>
    <subfield code="s">2025-09-04</subfield>
    <subfield code="w">2016-09-05</subfield>
    <subfield code="y">BK</subfield>
  </datafield>
  <datafield tag="952" ind1=" " ind2=" ">
    <subfield code="0">0</subfield>
    <subfield code="1">0</subfield>
    <subfield code="4">0</subfield>
    <subfield code="7">0</subfield>
    <subfield code="8">CS/IT</subfield>
    <subfield code="a">JRU</subfield>
    <subfield code="b">JRU</subfield>
    <subfield code="c">SHELF-54-E</subfield>
    <subfield code="d">2016-09-05</subfield>
    <subfield code="e">PURCHASE</subfield>
    <subfield code="g">399.00</subfield>
    <subfield code="l">6</subfield>
    <subfield code="m">1</subfield>
    <subfield code="o">006.76</subfield>
    <subfield code="p">21130</subfield>
    <subfield code="r">2025-03-27 14:20:49</subfield>
    <subfield code="s">2025-03-03</subfield>
    <subfield code="w">2016-09-05</subfield>
    <subfield code="y">BK</subfield>
  </datafield>
</record>
